|
|
|
|
| LEADER |
00000nam a2200000 a 4500 |
| 001 |
vtls008946849 |
| 003 |
SK-MaSNL |
| 005 |
20260302005118.0 |
| 008 |
160610s2006 xo g 000 0 slo |
| 015 |
|
|
|a SNBA2007/06-02165
|
| 020 |
|
|
|a 8089007732 (brož.)
|
| 035 |
|
|
|a 0B812C4E-94E4-4FB6-9986-28654715F9C2
|
| 035 |
|
|
|a urn:nbn:sk:snk-amkzij
|
| 035 |
|
|
|a urn:nbn:sk:snk-am008p06
|
| 040 |
|
|
|a SNK
|b slo
|c SNK
|e AACR2
|
| 041 |
0 |
|
|a slo
|
| 044 |
|
|
|a xo
|c SK
|
| 072 |
|
7 |
|a 27-5
|x Kresťanské umenie a symbolika. Duchovný život
|2 konspekt
|
| 080 |
|
|
|a 271.2-534.3
|2 2001
|
| 080 |
|
|
|a (035)
|2 2001
|
| 080 |
|
|
|a 27-282
|2 2001
|
| 080 |
|
|
|a 271.2-528.8
|2 2001
|
| 080 |
|
|
|a 27-558.3
|2 2001
|
| 080 |
|
|
|a 27-55-543.8
|2 2001
|
| 080 |
|
|
|a 27-55-486
|2 2001
|
| 245 |
0 |
0 |
|a Malý trebník
|n I. časť
|
| 250 |
|
|
|a [1. vyd.]
|
| 260 |
|
|
|a Prešov
|b Petra
|c 2006
|
| 300 |
|
|
|a 120 s.
|c 21 cm
|
| 650 |
0 |
7 |
|a pravoslávne modlitby
|2 SNKPH
|9 69077
|
| 650 |
0 |
7 |
|a Orthodox prayers
|2 SNKPHeng
|9 421181
|
| 650 |
0 |
7 |
|a Liturgical prayers
|2 SNKPHeng
|9 437751
|
| 650 |
0 |
7 |
|a liturgické modlitby
|2 SNKPH
|9 2007
|
| 650 |
0 |
7 |
|a pravoslávna liturgia
|2 SNKPH
|9 83691
|
| 650 |
0 |
7 |
|a krst
|2 SNKPH
|9 825
|
| 650 |
0 |
7 |
|a sviatosť zmierenia
|2 SNKPH
|9 828
|
| 650 |
0 |
7 |
|a sviatosť pomazania chorých
|2 SNKPH
|9 827
|
| 650 |
0 |
7 |
|a Orthodox liturgy
|2 SNKPHeng
|9 333982
|
| 650 |
0 |
7 |
|a Baptism
|2 SNKPHeng
|9 327533
|
| 650 |
0 |
7 |
|a Sacrament of reconciliation
|2 SNKPHeng
|9 330173
|
| 650 |
0 |
7 |
|a Unction
|2 SNKPHeng
|9 479375
|
| 655 |
|
7 |
|a príručky
|2 SNKPH
|9 74364
|
| 655 |
|
7 |
|a Handbooks, manuals, etc.
|2 SNKPHeng
|9 90964
|
| 919 |
|
|
|a 80-89007-73-2
|
| 958 |
|
|
|a NT
|
| 968 |
|
|
|d 2
|
| 999 |
|
|
|c 998313
|d 1000243
|
| 952 |
|
|
|a SNK
|b SNK
|y PREZ
|7 0
|p 17A0541407
|o snkSC 126769/1
|i snk2007/4457
|8 0
|0 0
|1 0
|4 0
|d 2007-02-19
|f 1
|l 0
|r 2025-06-16 00:00:00
|w 2026-02-24
|
| 952 |
|
|
|a SNK
|b SNK
|y VYP
|7 0
|p 17A0541406
|o snkSC 126769/1 D1
|i snk2007/4458
|8 0
|0 0
|1 0
|4 0
|d 2007-02-19
|l 0
|r 2026-02-24 12:10:18
|w 2026-02-24
|